| 000 | 00351nam a2200121 a 4500 | ||
|---|---|---|---|
| 001 | 000002274 | ||
| 005 | 20200929150157.0 | ||
| 008 | 090701s2009 000 spa d | ||
| 020 | _a9789945162899 | ||
| 245 | 0 | _aDios no es como lo pintan : un análisis crítico sobre la biblia y el cristianismo. | |
| 260 |
_aSanto Domingo, _c2009. |
||
| 999 |
_c2120 _d2120 |
||
| 040 | _aDO-SdBNP | ||